| 000 | 00374cam a2200145 a 4500 | ||
|---|---|---|---|
| 020 | _a9788189729974 | ||
| 020 | _a818972997 | ||
| 082 |
_a660.284 _bRED/AG |
||
| 245 | 0 | 0 | _aAgricultural process engineering |
| 260 |
_aNew Delhi [India] : _bGene-Tech Books, _c2010. |
||
| 300 |
_a272 p. : _bill. |
||
| 650 | 0 | _aAgricultural engineering. | |
| 700 | 1 | _aReddy, R. N. | |
| 942 | _cBK | ||
| 999 |
_c13680 _d13680 |
||